000 00285nam a22001217a 4500
082 _a823
_bHIL/S
100 _aHILL, ERIE
245 _aSPOTS BIG BOOK OF COLOURS, SHAPES
260 _aNEW YORK
_bPUFFIN BOOKS
_c1994
300 _a12
650 _aENGLISH STORY
_zUNITED STATES
942 _cBK
999 _c7561
_d7561